Creative variations in jewelry design / (Record no. 25658)

000 -LEADER
fixed length control field 01194cam a2200337 a 4500
001 - CONTROL NUMBER
control field 3546821
003 - CONTROL NUMBER IDENTIFIER
control field OSt
005 - DATE AND TIME OF LATEST TRANSACTION
control field 20170201092817.0
008 - FIXED-LENGTH DATA ELEMENTS--GENERAL INFORMATION
fixed length control field 970625s1997 pauao 000 0 eng d
010 ## - LIBRARY OF CONGRESS CONTROL NUMBER
LC control number 97080076
020 ## - INTERNATIONAL STANDARD BOOK NUMBER
International Standard Book Number 0764303309
035 ## - SYSTEM CONTROL NUMBER
System control number (OCoLC)37965892
040 ## - CATALOGING SOURCE
Original cataloging agency OT
Transcribing agency OT
Modifying agency DLC
042 ## - AUTHENTICATION CODE
Authentication code lccopycat
050 00 - LIBRARY OF CONGRESS CALL NUMBER
Classification number NK7305
Item number .G35 1997
100 1# - MAIN ENTRY--PERSONAL NAME
Personal name Galli, Maurice P.
245 10 - TITLE STATEMENT
Title Creative variations in jewelry design /
Statement of responsibility, etc. Maurice P. Galli, Dominique Riviére, Fanfan Li.
260 ## - PUBLICATION, DISTRIBUTION, ETC. (IMPRINT)
Place of publication, distribution, etc. Atglen, PA :
Name of publisher, distributor, etc. Schiffer Pub.,
Date of publication, distribution, etc. c1997.
300 ## - PHYSICAL DESCRIPTION
Extent 218 p. :
Other physical details col. ill., col. photos. ;
Dimensions 31 cm.
440 #0 - SERIES STATEMENT/ADDED ENTRY--TITLE
Title Schiffer design book
650 #0 - SUBJECT ADDED ENTRY--TOPICAL TERM
Topical term or geographic name as entry element Jewelry
General subdivision Design
-- Technique.
650 #0 - SUBJECT ADDED ENTRY--TOPICAL TERM
Topical term or geographic name as entry element Jewelry.
700 1# - ADDED ENTRY--PERSONAL NAME
Personal name Rivière, Dominique,
Dates associated with a name 1948-
700 1# - ADDED ENTRY--PERSONAL NAME
Personal name Li, Fanfan,
Dates associated with a name 1958-
906 ## - LOCAL DATA ELEMENT F, LDF (RLIN)
a 7
b cbc
c copycat
d 2
e opcn
f 19
g y-gencatlg
942 ## - ADDED ENTRY ELEMENTS (KOHA)
Source of classification or shelving scheme
Koha item type Hard Covered Materials
Classification part NK 7305 .G35 1997
Holdings
Withdrawn status Lost status Source of classification or shelving scheme Damaged status Not for loan Home library Current library Shelving location Date acquired Source of acquisition Total Checkouts Full call number Barcode Date last seen Price effective from Koha item type
          MACHAKOS UNIVERSITY LIBRARY MACHAKOS UNIVERSITY LIBRARY Technical section 01/02/2017 Donation (BFA)   HF 5636 .S77 2009 33738 12/07/2018 01/02/2017 Hard Covered Materials
© Machakos University Library, Along The Highway, Machakos Wote Rd, Machakos, Kenya P.O. Box 136 - 90100 Machakos - Kenya

Tel: ( +254 ) 723 805829 OR Fax : 044-20353 OR Email: library@mksu.ac.ke